=LDR 00000nam 2200000 4500 =001 INLIS000000000045028 =005 20141210102639.0 =006 =007 =008 =020 ##$$a 9799417775 =035 ##$$0010-121400000000178 =040 ##$$a NBPDMAT =082 ##$$a 372.35 =090 ##$$a 372.35 $b Isn b =100 ##$$a Isna Az-Zahroh =245 ##$$a Bermain dengan sains 6 / $c Isna Az-Zahroh =250 ##$$a Cet.3 =260 ##$$a Surabaya : $b Insan Cendekia, $c 2012 =300 ##$$a iv, 52 hlm. : $b ilus. ; $c 29 cm. =500 ##$$a Bibliografi : hlm. 52 =650 ##$$a Sains - SD =850 ##$$a NBPDMAT